000
00308 a2200133 4500
001
153670
040
_c
Escola São Tomás de Aquino
240
1
0
_a
O livro da com-fusão
_l
por
245
1
0
_a
O livro da com-fusão
362
0
_a
2009
440
1
_a
Melhoramentos
697
_a
*LITERATURA INFANTO
942
_c
BK
999
_c
153670
_d
153670